000 00758nam a22001697a 4500
008 230223b |||||||| |||| 00| 0 eng d
020 _a9789937027137
082 _aN305.8/M196a
100 _aराना मगर, उजिर
245 _aआदिबासी जनजाती आन्दोलन र उठेका कुरागरु;
_b लेख संग्रह-२
260 _aनवलपरासीः
_bनेपाल आदिबासी जनजाती महासघ,
_c२०७४वि.
300 _bच,८२ पृ
504 _aसन्दर्भग्रन्थसुचीःपृ.८३-८४
650 _aआदिवासी जाति
650 _aआन्दोलन
942 _2ddc
_cNCS
999 _c107968
_d107956